Вып. 10 : Анализ и синтез систем управления; Вопросы механики и процессов управления

Dades bibliogràfiques
Parent link:Вопросы механики и процессов управления: сборник статей/ Ленинградский государственный университет (ЛГУ). Вып. 10 : Анализ и синтез систем управления.— , 1977-1992
Altres autors: Нелепин Р. А. (редактор), Новоселов В. С.
Idioma:rus
Publicat: 1987
Matèries:
Format: MixedMaterials Llibre
KOHA link:https://koha.lib.tpu.ru/cgi-bin/koha/opac-detail.pl?biblionumber=271984

MARC

LEADER 00000nam2a2200000 4500
001 271984
005 20231101234504.0
035 |a (RuTPU)RU\TPU\book\295189 
035 |a RU\TPU\book\96191 
090 |a 271984 
100 |a 20141014d1987 k y0rusy50 ca 
101 0 |a rus 
102 |a RU 
105 |a a z 001zy 
200 0 |a Вып. 10 : Анализ и синтез систем управления  |f под ред. Р. А. Нелепина, В. С. Новоселова 
210 |d 1987 
215 |a 184 с.  |c ил. 
320 |a Библиогр. в конце статей 
461 1 |0 (RuTPU)RU\TPU\book\268830  |t Вопросы механики и процессов управления  |o сборник статей  |f Ленинградский государственный университет (ЛГУ)  |v Вып. 10 : Анализ и синтез систем управления  |d 1977-1992 
606 1 |a Механика  |2 stltpush  |3 (RuTPU)RU\TPU\subj\67812  |9 83462 
606 1 |a Автоматическое управление  |2 stltpush  |3 (RuTPU)RU\TPU\subj\943  |9 29748 
610 1 |a оптимальное управление 
610 1 |a синтез 
610 1 |a методы 
610 1 |a стабилизация 
610 1 |a аналитические методы 
610 1 |a алгоритмизация 
610 1 |a адаптивные системы 
610 1 |a оптимизация 
610 1 |a решения 
610 1 |a моделирование 
610 1 |a проектирование 
610 1 |a робототехнические системы 
610 1 |a гибкие производственные системы 
675 |a 531  |v 4 
675 |a 681.51  |v 4 
702 1 |a Нелепин  |b Р. А.  |4 340 
702 1 |a Новоселов  |b В. С.  |4 340 
801 1 |a RU  |b 63413507  |c 20060125  |g PSBO 
801 2 |a RU  |b 63413507  |c 20171110  |g PSBO 
942 |c BK